La industria azucarera en Salta (Registro nro. 1689)
[ vista simple ]
| 000 -LEADER | |
|---|---|
| fixed length control field | 01274 a2200229 4500 |
| 001 - CONTROL NUMBER | |
| control field | 28279 |
| 005 - DATE AND TIME OF LATEST TRANSACTION | |
| control field | 20260407155555.0 |
| 008 - FIXED-LENGTH DATA ELEMENTS--GENERAL INFORMATION | |
| fixed length control field | 260407a2014 arg spa d |
| 003 - CONTROL NUMBER IDENTIFIER | |
| control field | AR-UNSa-BCEJYS |
| 040 ## - CATALOGING SOURCE | |
| Original cataloging agency | AR-UNSa-BCEJYS |
| Language of cataloging | spa |
| Transcribing agency | AR-UNSa-BCEJYS |
| 080 ## - UNIVERSAL DECIMAL CLASSIFICATION NUMBER | |
| Universal Decimal Classification number | 338.45 |
| Common auxiliary subdivision | Industria como sector económico. Producción comercial, industrial |
| 020 ## - INTERNATIONAL STANDARD BOOK NUMBER | |
| International Standard Book Number | 798-987-633-104-3 |
| 100 1# - MAIN ENTRY--PERSONAL NAME | |
| Personal name | Moreno, César Gabriel |
| 245 10 - TITLE STATEMENT | |
| Title | La industria azucarera en Salta |
| Name of part/section of a work | Agronegocios, concentración económica e impacto ambiental |
| 264 #1 - PRODUCTION, PUBLICATION, DISTRIBUTION, MANUFACTURE, AND COPYRIGHT NOTICE | |
| Place of production, publication, distribution, manufacture | Salta : |
| Name of producer, publisher, distributor, manufacturer | EUNSa (Editorial de la Universidad Nacional de Salta) |
| Date of production, publication, distribution, manufacture, or copyright notice | 2014 |
| 300 ## - PHYSICAL DESCRIPTION | |
| Extent | 352 p. |
| Dimensions | 23 cm. |
| 505 ## - FORMATTED CONTENTS NOTE | |
| Formatted contents note | 1. Caña de azucar - 2. Mercado nacional-local del azúcar - 3. Agronegocios - 4. El complejo agroindustrial azucarero - 5. Competitividad a partir de elaboración de biocombustibles - 6. Biocombustibles - 7. La renta del suelo en la producción agrícola - 8. El negocio agro energético, la cogeneración - 9. Impacto ambiental de la producción y procesamiento de la caña de azucar |
| 590 ## - LOCAL NOTE (RLIN) | |
| Local note | niveau_biblio:m niveau_hierar:0 |
| 700 1# - ADDED ENTRY--PERSONAL NAME | |
| Personal name | Serrano, Toribio Alejandro |
| 856 41 - ELECTRONIC LOCATION AND ACCESS | |
| Uniform Resource Identifier | <a href="https://biblioeco.unsa.edu.ar/pmb/images/libros/La Industria Azucarera en Salta-l125006.jpg">https://biblioeco.unsa.edu.ar/pmb/images/libros/La Industria Azucarera en Salta-l125006.jpg</a> |
| Link text | Imagen de portada |
| Electronic format type | image/jpeg |
| 942 ## - ADDED ENTRY ELEMENTS (KOHA) | |
| Koha item type | |
| Withdrawn status | Lost status | Damaged status | Not for loan | Home library | Current library | Shelving location | Date acquired | Total checkouts | Full call number | Barcode | Date last seen | Price effective from | Koha item type |
|---|---|---|---|---|---|---|---|---|---|---|---|---|---|
| Biblioteca Prof. Eusebio Cleto del Rey | Biblioteca Prof. Eusebio Cleto del Rey | 07/04/2026 | 338.45 M843 | L125006 | 07/04/2026 | 07/04/2026 | Libro | ||||||
| Biblioteca Prof. Eusebio Cleto del Rey | Biblioteca Prof. Eusebio Cleto del Rey | 07/04/2026 | 338.45 M843 | L129356 | 07/04/2026 | 07/04/2026 | Libro |